Prisoners and human rights (Record no. 77173)

MARC details
000 -LEADER
fixed length control field 00791nam a2200157 a 4500
008 - FIXED-LENGTH DATA ELEMENTS--GENERAL INFORMATION
fixed length control field 120416s0000 ||||||||||||||||| || u
020 ## - INTERNATIONAL STANDARD BOOK NUMBER
International Standard Book Number 8176480754
050 ## - LIBRARY OF CONGRESS CALL NUMBER
Classification number HV 8766 Pac
100 ## - MAIN ENTRY--PERSONAL NAME
Personal name Pachauri, S. K
245 10 - TITLE STATEMENT
Title Prisoners and human rights
260 ## - PUBLICATION, DISTRIBUTION, ETC.
Place of publication, distribution, etc. New Delhi
Name of publisher, distributor, etc. S.D. Nangia
Date of publication, distribution, etc. 1999
350 ## -
-- 0.00
995 ## -
-- MAIN LIBRARY OPEN ACCESS
-- 0.00
-- 733067
-- CBU-MAIN LIBRARY (Kitwe)
-- 1
-- 60.00
-- HV 8766 Pac
-- 1
-- AVAILABLE
-- 029792
-- Main Library Open Access Collection
995 ## -
-- MAIN LIBRARY OPEN ACCESS
-- 0.00
-- 733069
-- CBU-MAIN LIBRARY (Kitwe)
-- 2
-- 60.00
-- HV 8766 Pac
-- 2
-- AVAILABLE
-- 029793
-- Main Library Open Access Collection
995 ## -
-- ANNEX COLLECTION (Main Library)
-- 0.00
-- 733068
-- CBU-MAIN LIBRARY (Kitwe)
-- 3
-- 60.00
-- HV 8766 Pac
-- 3
-- AVAILABLE
-- 029794
-- Annex Low-Usage Collection
999 ## -
-- 77173
-- 77173
Holdings
Withdrawn status Lost status Source of classification or shelving scheme Damaged status Not for loan Permanent Location Current Location Shelving location Date acquired Total Checkouts Full call number Barcode Date last seen Copy number Price effective from Koha item type
          CBU-MAIN LIBRARY, KITWE. CBU-MAIN LIBRARY, KITWE.   04/25/2023   HV 8766 Pac 029792 04/25/2023 1 04/25/2023 MONOGRAPH
          CBU-MAIN LIBRARY, KITWE. CBU-MAIN LIBRARY, KITWE.   04/25/2023   HV 8766 Pac 029793 04/25/2023 2 04/25/2023 MONOGRAPH
          CBU-MAIN LIBRARY, KITWE. CBU-MAIN LIBRARY, KITWE.   04/25/2023   HV 8766 Pac 029794 04/25/2023 3 04/25/2023 MONOGRAPH